Statistiken für Schlecht gezeichnete Flaggen

Klicken Sie hier um das Quiz zu spielen!

Allgemein

  • Dieses Quiz wurde 19.865 mal gespielt
  • Das Durchschnittsergebnis liegt bei 11 aus 16

Antwortstatistiken

Antwort% Korrekt
Albanien
98%
Brasilien
97%
Norwegen
95%
Südafrika
93%
Mexiko
88%
Nordkorea
84%
Malta
83%
Singapur
69%
Angola
67%
Usbekistan
52%
Kirgisistan
51%
St. Lucia
45%
Kap Verde
43%
Namibia
40%
St. Vincent und die Grenadinen
35%
Vanuatu
33%

Verteilung der Resultate

Perzentil nach korrekt beantworteten Fragen

Anzahl Personen mit jedem Resultat

Ihre Resultats-Entwicklung

Sie haben dieses Quiz noch nicht gespielt